| 000 | 01217nam a22003498a 4500 | ||
|---|---|---|---|
| 999 |
_c338 _d338 |
||
| 001 | 019385709 | ||
| 003 | UkOxU | ||
| 005 | 20190806143552.0 | ||
| 008 | 120210r20122009nyuac 001|0 eng|d | ||
| 015 |
_aGBB215526 _2bnb |
||
| 020 | _a9781579128951 (pbk.) : | ||
| 020 | _a1579128955 (pbk.) : | ||
| 035 | _a(Uk)016031144 | ||
| 035 | _a(StEdALDL)1/2761672 | ||
| 040 |
_aStDuBDS _beng _cStDuBDS |
||
| 049 | _aCROBAR | ||
| 082 | 0 | 4 |
_a546 GRA _223 |
| 100 | 1 |
_aGray, Theodore W. _ePhotographer |
|
| 245 | 1 | 4 |
_aThe elements : _ba visual exploration of every known atom in the universe / _cTheodore Gray ; photographs by Theodore Gray and Nick Mann. |
| 260 |
_aNew York : _bBlack Dog & Leventhal ; _aPoole : _bChris Lloyd [distributor], _c2012. |
||
| 263 | _a201205 | ||
| 300 |
_a1 v. : _bill. (chiefly col.), ports. (some col.) ; _c26 cm. |
||
| 500 | _aOriginally published: 2009. | ||
| 504 | _aIncludes bibliographical references and index. | ||
| 650 | 0 |
_aChemical elements _vPopular works. |
|
| 650 | 0 |
_aChemical elements _vPictorial works. |
|
| 700 | 1 |
_aMann, Nick. _ePhotographer |
|
| 942 |
_2ddc _cNFIC |
||
| 980 |
_g1 _f1/2761672 |
||
| 981 | _dAgency file oxf2012-38.1 | ||